[Event "9th Asia-ch"]
[Site "Mashhad IRI"]
[Date "2011.05.02"]
[Round "1.1"]
[White "Kasimdzhanov, Rustam"]
[Black "Djao Thien Hai"]
[Result "1/2-1/2"]
[WhiteElo "2685"]
[BlackElo "2512"]
[EventDate "2011.05.02"]
[PlyCount "63"]

1.d4 d5 2.c4 c6 3.Nc3 Nf6 4.e3 g6 5.Nf3 Bg7 6.Be2 O-O 7.O-O Nbd7 8.cxd5 
cxd5 9.a4 Nb8 10.b4 Bg4 11.h3 Bxf3 12.Bxf3 Nc6 13.Ba3 Re8 14.Rc1 e6 15.a5 
Bf8 16.Qb3 Qb8 17.Be2 Rc8 18.a6 bxa6 19.Bxa6 Rd8 20.Qa4 Ne7 21.Bd3 Nc8 22.
b5 Nb6 23.Qa5 Bxa3 24.Qxa3 Rc8 25.Ra1 Rc7 26.Rfb1 Qf8 27.Qxf8+ Kxf8 28.Na2
Rb8 29.Nb4 Rbb7 30.Nc6 Ne8 31.Na5 Rb8 32.Nc6 1/2-1/2

[Event "9th Asia-ch"]
[Site "Mashhad IRI"]
[Date "2011.05.02"]
[Round "1.2"]
[White "Barbosa, Oliver"]
[Black "Sasikiran, Krishnan"]
[Result "1/2-1/2"]
[WhiteElo "2506"]
[BlackElo "2676"]
[EventDate "2011.05.02"]
[PlyCount "54"]

1.d4 Nf6 2.c4 g6 3.Nc3 Bg7 4.e4 d6 5.f3 O-O 6.Be3 e5 7.Nge2 c6 8.Qd2 Nbd7 
9.d5 cxd5 10.cxd5 a6 11.Ng3 h5 12.Bg5 Qe8 13.Be2 Nh7 14.Bh6 h4 15.Nf1 Qe7 
16.Bxg7 Kxg7 17.Ne3 Ndf6 18.Na4 Qd8 19.O-O Nh5 20.Rfc1 Bd7 21.Nc3 Nf4 22.
Bf1 Qg5 23.Ne2 b5 24.Rc7 Nh3+ 25.Kh1 Nf2+ 26.Kg1 Nh3+ 27.Kh1 Nf2+ 1/2-1/2

[Event "9th Asia-ch"]
[Site "Mashhad IRI"]
[Date "2011.05.02"]
[Round "1.3"]
[White "So, Wesley"]
[Black "Ismagambetov, Anuar"]
[Result "1/2-1/2"]
[WhiteElo "2667"]
[BlackElo "2500"]
[EventDate "2011.05.02"]
[PlyCount "59"]

1.d4 d5 2.c4 dxc4 3.Nf3 a6 4.e3 b5 5.a4 Bb7 6.b3 Nf6 7.axb5 axb5 8.Rxa8 
Bxa8 9.bxc4 bxc4 10.Ba3 e6 11.Bxf8 Kxf8 12.Bxc4 Nbd7 13.O-O g6 14.Bb5 Kg7 
15.Qc2 Be4 16.Qc1 c5 17.dxc5 Bxb1 18.c6 Be4 19.Rd1 Bxc6 20.Qxc6 Qb6 21.g3 
Rb8 22.Qxb6 Nxb6 23.Bc6 Rc8 24.Ne5 Nc4 25.Bb7 Rc7 26.Nxc4 Rxc4 27.Rd2 Rc7 
28.Bf3 h5 29.h4 Ra7 30.Rb2 1/2-1/2

[Event "9th Asia-ch"]
[Site "Mashhad IRI"]
[Date "2011.05.02"]
[Round "1.4"]
[White "Santosh Gujrathi, Vidit"]
[Black "Harikrishna, Pentala"]
[Result "0-1"]
[WhiteElo "2495"]
[BlackElo "2666"]
[EventDate "2011.05.02"]
[PlyCount "70"]

1.d4 Nf6 2.c4 e6 3.g3 d5 4.Bg2 Be7 5.Nf3 O-O 6.O-O dxc4 7.Qc2 a6 8.a4 Bd7 
9.Qxc4 Bc6 10.Bf4 a5 11.Nc3 Na6 12.Ne5 Bxg2 13.Kxg2 Nd5 14.Rad1 Nab4 15.
Bd2 Bd6 16.Nf3 f5 17.e4 fxe4 18.Nxe4 Qe8 19.Rde1 Qxa4 20.Nfg5 Qc6 21.Qxc6 
Nxc6 22.Nxd6 cxd6 23.Rxe6 Rf6 24.Rfe1 h6 25.Rxf6 Nxf6 26.Ne6 Nd5 27.f4 a4 
28.f5 b5 29.Rc1 Nce7 30.f6 gxf6 31.Nc7 Rb8 32.Kf3 Kf7 33.Ke4 Nxc7 34.Rxc7 
Ke6 35.Ra7 h5 0-1

[Event "9th Asia-ch"]
[Site "Mashhad IRI"]
[Date "2011.05.02"]
[Round "1.5"]
[White "Bu Xiangzhi"]
[Black "Lu Shanglei"]
[Result "1-0"]
[WhiteElo "2662"]
[BlackElo "2473"]
[EventDate "2011.05.02"]
[PlyCount "143"]

1.c4 f5 2.Nf3 Nf6 3.g3 g6 4.Bg2 Bg7 5.O-O d6 6.d4 O-O 7.Nc3 c6 8.Rb1 Qe8 
9.d5 a5 10.Be3 Ng4 11.Bd4 Ne5 12.Nxe5 dxe5 13.Be3 f4 14.gxf4 exf4 15.Bd4 
Bxd4 16.Qxd4 e5 17.Qc5 Bf5 18.dxc6 Nxc6 19.Rbd1 Rc8 20.Rd6 Kh8 21.Kh1 e4 
22.Qd5 e3 23.fxe3 Qxe3 24.Qd2 Qxd2 25.Rxd2 g5 26.Nb5 Rcd8 27.Nd6 Rf6 28.c5
Rd7 29.Rd5 Bg4 30.Ne4 Rg6 31.Rxd7 Bxd7 32.Rd1 Bg4 33.Rd2 Re6 34.Kg1 Re5 
35.Kf2 Kg7 36.a3 a4 37.Nd6 Rxc5 38.Nxb7 Rc1 39.Rd5 h6 40.Rc5 Rxc5 41.Nxc5 
Nd4 42.e3 fxe3+ 43.Kxe3 Nf5+ 44.Kf2 Bd1 45.Bc6 Nd4 46.Bxa4 Bxa4 47.Nxa4 
Nb3 48.Nb6 Kf6 49.a4 Ke5 50.Nc4+ Kd5 51.a5 Nc5 52.Ne3+ Kc6 53.Nf5 h5 54.
Nd4+ Kd5 55.Ke3 Kc4 56.Nf5 Kb5 57.Ng3 h4 58.Ne4 Ne6 59.Kf3 Kxa5 60.Kg4 Kb4
61.Nxg5 Ng7 62.Nf3 Kb3 63.Nxh4 Kxb2 64.Nf5 Ne6 65.h4 Kc3 66.h5 Kc4 67.h6 
Nf8 68.Nh4 Kd4 69.Kf5 Ke3 70.Ng6 Nh7 71.Ne5 Nf8 72.Nd7 1-0

[Event "9th Asia-ch"]
[Site "Mashhad IRI"]
[Date "2011.05.02"]
[Round "1.6"]
[White "Darini, Pouria"]
[Black "Yu Yangyi"]
[Result "0-1"]
[WhiteElo "2471"]
[BlackElo "2646"]
[EventDate "2011.05.02"]
[PlyCount "128"]

1.e4 c5 2.Nf3 e6 3.d4 cxd4 4.Nxd4 a6 5.c4 Nf6 6.Nc3 Bb4 7.Qf3 Bxc3+ 8.bxc3
d6 9.Ba3 O-O 10.Nb3 e5 11.Qd3 Be6 12.Rd1 Nbd7 13.Bxd6 Re8 14.f3 a5 15.Qe3 
Qc8 16.c5 Qc6 17.Be2 Rec8 18.O-O a4 19.Nd4 exd4 20.cxd4 Nb6 21.d5 Nbxd5 
22.exd5 Bxd5 23.Qd2 a3 24.Rb1 Qd7 25.Bb5 Qf5 26.g4 Nxg4 27.Bd3 Qh5 28.fxg4
Qxg4+ 29.Bg3 Rxc5 30.Bf5 Qh5 31.Qd4 Rca5 32.Bg4 Qg6 33.Rbd1 h5 34.Bf5 Qg5 
35.Bb1 Be6 36.Qe4 g6 37.Qf4 Qc5+ 38.Qd4 Qg5 39.Qf4 Rc8 40.Qxg5 Rxg5 41.Rd4
Rb5 42.Rfd1 Kh7 43.Bd6 Rc3 44.Be7 Rb2 45.Rd8 Rf3 46.Bc5 Rb5 47.Bd4 Rg5+ 
48.Kh1 f6 49.Be4 Rf4 50.Rc1 Bf7 51.Bg2 Rgg4 52.Be3 Rc4 53.Rf1 Rc2 54.Bf3 
Rh4 55.Bg1 Rc7 56.Bd4 Rf4 57.Be3 Rf5 58.Rd2 Rc3 59.Rd7 Rxe3 60.Rxf7+ Kg8 
61.Rxb7 Rexf3 62.Rc1 Rf1+ 63.Rxf1 Rxf1+ 64.Kg2 Ra1 0-1

[Event "9th Asia-ch"]
[Site "Mashhad IRI"]
[Date "2011.05.02"]
[Round "1.7"]
[White "Ganguly, Surya Shekhar"]
[Black "Shyam Sundar, M."]
[Result "1/2-1/2"]
[WhiteElo "2643"]
[BlackElo "2457"]
[EventDate "2011.05.02"]
[PlyCount "120"]

1.e4 e5 2.Nf3 Nc6 3.Bb5 a6 4.Ba4 Nf6 5.O-O Nxe4 6.d4 b5 7.Bb3 d5 8.dxe5 
Be6 9.Nbd2 Bc5 10.Nxe4 dxe4 11.Ng5 Qxd1 12.Rxd1 Bxb3 13.axb3 O-O 14.Nxe4 
Bd4 15.c3 Bxe5 16.f4 f5 17.Nc5 Bd6 18.Nb7 Rfb8 19.Nxd6 Rd8 20.c4 bxc4 21.
bxc4 Rxd6 22.Rxd6 cxd6 23.Kf2 Kf7 24.Bd2 Ke6 25.Bc3 Ra7 26.b4 Rb7 27.Ra4 
g6 28.Ke3 Nb8 29.Kd3 Rb6 30.Bd2 Rb7 31.Kc3 d5 32.Be3 dxc4 33.Kxc4 Kd6 34.
Bd4 Kc6 35.Be5 Kb6 36.Bd6 Nd7 37.Kd4 Kb5 38.Ra5+ Kb6 39.g3 Nb8 40.Kc4 Nd7 
41.Kd4 Ra7 42.Be5 Nf8 43.Rd5 Rd7 44.Bd6 Ne6+ 45.Ke5 Nd8 46.Bc5+ Kc6 47.
Rxd7 Kxd7 48.Kf6 Ne6 49.Ba7 Kd6 50.Bb8+ Kd5 51.Be5 Nd8 52.h4 Nc6 53.Bc3 
Kc4 54.Ba1 Kd5 55.Bc3 Kc4 56.Ba1 Kd5 57.h5 gxh5 58.Kxf5 Nxb4 59.Kf6 Ke4 
60.Kg5 Nd5 1/2-1/2

[Event "9th Asia-ch"]
[Site "Mashhad IRI"]
[Date "2011.05.02"]
[Round "1.8"]
[White "Wang Chen"]
[Black "Nguyen Ngoc Truong Son"]
[Result "1/2-1/2"]
[WhiteElo "2436"]
[BlackElo "2635"]
[EventDate "2011.05.02"]
[PlyCount "83"]

1.e4 e6 2.d4 d5 3.exd5 exd5 4.Bd3 Nc6 5.c3 Bd6 6.Ne2 Nge7 7.Bf4 Ng6 8.Bg3 
Nce7 9.Qc2 h5 10.O-O h4 11.Bxd6 Qxd6 12.f4 Bg4 13.f5 Bxe2 14.Bxe2 Nf4 15.
Bg4 h3 16.g3 Nh5 17.Qf2 Nf6 18.Be2 Ne4 19.Qe3 g6 20.fxg6 Qxg6 21.Qf4 O-O-O
22.Nd2 f5 23.Nf3 Kb8 24.Ne5 Qg7 25.Bf3 Rhf8 26.Rae1 a6 27.Re2 Ng6 28.Nxg6 
Qxg6 29.Bxe4 dxe4 30.Ref2 Qg7 31.Qh4 Rh8 32.Qf4 Rd5 33.Qe3 Qd7 34.Qg5 Qb5 
35.Qc1 Qc6 36.Qe3 Qd7 37.Qg5 Qa4 38.b3 Qc6 39.Qe3 Qd7 40.Qg5 Qc6 41.Qe3 
Qd7 42.Qg5 1/2-1/2

[Event "9th Asia-ch"]
[Site "Mashhad IRI"]
[Date "2011.05.02"]
[Round "1.9"]
[White "Negi, Parimarjan"]
[Black "Lou Yiping"]
[Result "1-0"]
[WhiteElo "2622"]
[BlackElo "2435"]
[EventDate "2011.05.02"]
[PlyCount "151"]

1.e4 e6 2.d4 d5 3.Nc3 Bb4 4.e5 c5 5.a3 Bxc3+ 6.bxc3 Ne7 7.Qg4 O-O 8.Bd3 f5
9.exf6 Rxf6 10.Bg5 Rf7 11.Qh5 g6 12.Qd1 Qa5 13.Bd2 Nbc6 14.Nf3 c4 15.Be2 
Nf5 16.O-O Bd7 17.Re1 Raf8 18.Qc1 Nd6 19.Ng5 Rf6 20.Bg4 Nf5 21.f4 Nd8 22.
Re2 Ba4 23.Rb1 Qc7 24.Qb2 b5 25.Rbe1 Qd6 26.Qc1 a5 27.Re5 Ng7 28.Bh3 Qb6 
29.Kh1 Qd6 30.R1e2 Qb6 31.Qd1 b4 32.axb4 axb4 33.cxb4 Qxd4 34.Nf3 Rxf4 35.
Qe1 R4f7 36.c3 Qd3 37.Bg5 d4 38.cxd4 Bc6 39.R5e3 Bxf3 40.gxf3 Qxd4 41.Rd2 
Qb6 42.Bxd8 Qxb4 43.Rd1 Qxe1+ 44.Rexe1 Rxf3 45.Bf1 c3 46.Ba5 c2 47.Rc1 Rc8
48.Ba6 Rc5 49.Bb6 Rcc3 50.Bd4 Rc7 51.Be5 Rc5 52.Bd6 Rcc3 53.Be5 Rc5 54.Re2
Ra3 55.Bb7 Rb3 56.Bd6 Rc4 57.Be4 Rb1 58.Ba3 Rb3 59.Bd6 Nf5 60.Bf4 Rbb4 61.
Bxf5 exf5 62.Bh6 Rb1 63.Rxc2 Rxc1+ 64.Rxc1 Rxc1+ 65.Bxc1 Kg7 66.Kg2 h6 67.
h4 f4 68.Kf3 Kf6 69.Ke4 Ke6 70.Bb2 Kf7 71.Bd4 Kg8 72.Ke5 Kf7 73.Bc5 Kg7 
74.Ke6 h5 75.Bd4+ Kh6 76.Kf6 1-0

[Event "9th Asia-ch"]
[Site "Mashhad IRI"]
[Date "2011.05.02"]
[Round "1.10"]
[White "Yu Ruiyuan"]
[Black "Hou Yifan"]
[Result "1-0"]
[WhiteElo "2431"]
[BlackElo "2612"]
[EventDate "2011.05.02"]
[PlyCount "105"]

1.e4 c5 2.Nf3 e6 3.d4 cxd4 4.Nxd4 a6 5.c4 Nf6 6.Nc3 Bb4 7.Qc2 Qc7 8.a3 Bc5
9.Nb3 Be7 10.Be2 b6 11.Be3 Bb7 12.Rc1 d6 13.O-O Nbd7 14.f3 O-O 15.Rfd1 
Rac8 16.Qd2 Qb8 17.Kh1 Rfd8 18.Bf1 Bf8 19.Nd4 Qa8 20.Qf2 d5 21.cxd5 exd5 
22.exd5 Nxd5 23.Nxd5 Bxd5 24.Rxc8 Qxc8 25.Nf5 Nc5 26.Qh4 f6 27.Bxc5 bxc5 
28.Qg4 Kh8 29.Ne3 Qa8 30.Nxd5 Rxd5 31.Rxd5 Qxd5 32.Qc8 Qd6 33.Qxa6 g6 34.
a4 Qe5 35.Qe6 Qc7 36.Qe8 Kg7 37.Bc4 Bd6 38.g3 Kh6 39.Qe3+ Kg7 40.Qe8 Kh6 
41.b3 Qb8 42.Qe3+ Kg7 43.a5 Qa7 44.Qe6 Be5 45.a6 Kh6 46.Kg2 g5 47.Qe8 Bd6 
48.Qd8 Be7 49.Qd3 Kg7 50.Qd5 Kh6 51.Qf5 Bd8 52.Bd3 Qe7 53.Qh3+ 1-0

[Event "9th Asia-ch"]
[Site "Mashhad IRI"]
[Date "2011.05.02"]
[Round "1.11"]
[White "Zhou Weiqi"]
[Black "Vaibhav, Suri"]
[Result "1-0"]
[WhiteElo "2610"]
[BlackElo "2430"]
[EventDate "2011.05.02"]
[PlyCount "49"]

1.d4 Nf6 2.c4 e6 3.Nf3 d5 4.g3 dxc4 5.Bg2 a6 6.Ne5 Bb4+ 7.Nc3 Nd5 8.O-O 
Nxc3 9.bxc3 Bxc3 10.Rb1 Qxd4 11.Qxd4 Bxd4 12.Nxc4 Nd7 13.Rd1 e5 14.Ba3 Rb8
15.e3 Ba7 16.Rd5 f6 17.Rbd1 b5 18.Na5 b4 19.Nc6 bxa3 20.Nxa7 Bb7 21.Rxd7 
Bxg2 22.Kxg2 O-O 23.Rxc7 Rf7 24.Rxf7 Kxf7 25.Rd6 1-0

[Event "9th Asia-ch"]
[Site "Mashhad IRI"]
[Date "2011.05.02"]
[Round "1.12"]
[White "Ahmadinia, Ebrahim"]
[Black "Ghaem Maghami, Ehsan"]
[Result "1/2-1/2"]
[WhiteElo "2429"]
[BlackElo "2606"]
[EventDate "2011.05.02"]
[PlyCount "91"]

1.e4 c5 2.c3 d5 3.exd5 Qxd5 4.d4 e6 5.Nf3 Nf6 6.Be3 cxd4 7.cxd4 Nc6 8.Nc3 
Qd6 9.a3 Be7 10.Bd3 O-O 11.O-O b6 12.Qe2 Bb7 13.Rad1 Rad8 14.Bg5 g6 15.Bc4
Rfe8 16.Rfe1 Nd5 17.Bxd5 exd5 18.Qd2 f6 19.Bf4 Qd7 20.b4 g5 21.Bg3 Bf8 22.
h4 h6 23.hxg5 hxg5 24.Qa2 Rxe1+ 25.Nxe1 Bg7 26.Qd2 Qg4 27.Nc2 f5 28.b5 Ne7
29.Bc7 Rd7 30.f3 Qh5 31.Be5 Ng6 32.Bxg7 Rxg7 33.Qd3 g4 34.Ne3 Qg5 35.fxg4 
Nf4 36.Qxf5 Nh3+ 37.gxh3 Qxe3+ 38.Kg2 Qxc3 39.Qe6+ Rf7 40.Rf1 Qc2+ 41.Kg1 
Qc7 42.Qg6+ Kf8 43.Qh6+ Kg8 44.Qg6+ Rg7 45.Qe8+ Kh7 46.Qh5+ 1/2-1/2

[Event "9th Asia-ch"]
[Site "Mashhad IRI"]
[Date "2011.05.02"]
[Round "1.13"]
[White "Gopal, Geetha Narayanan"]
[Black "Alavi Sayed, Javad"]
[Result "0-1"]
[WhiteElo "2592"]
[BlackElo "2428"]
[EventDate "2011.05.02"]
[PlyCount "144"]

1.e4 e5 2.Bc4 Nf6 3.d3 Nc6 4.Nf3 Bc5 5.c3 a6 6.O-O Ba7 7.Nbd2 O-O 8.h3 d6 
9.Bb3 h6 10.Re1 Nh5 11.Nf1 Qf6 12.N1h2 Nf4 13.d4 Re8 14.Bc2 Ne7 15.Ng4 
Bxg4 16.hxg4 Ne6 17.Be3 g5 18.g3 Kg7 19.Kg2 c5 20.d5 Nc7 21.c4 b5 22.b3 b4
23.Rh1 Qg6 24.Ne1 Bb6 25.Kf1 Rh8 26.Ng2 a5 27.Bd2 f6 28.Ne3 Kf8 29.Qf3 Ne8
30.Kg2 Ng7 31.Bd1 Ke8 32.a3 Kd7 33.Be2 Rag8 34.Nc2 Kc7 35.Ra2 Kb7 36.Be3 
Ra8 37.Rha1 Bc7 38.Rh1 Nc8 39.Ne1 Nb6 40.Nd3 Nd7 41.Bd2 Bb6 42.Be3 Rhb8 
43.Rha1 Qe8 44.Bd2 Kc7 45.Bd1 Qf8 46.Qe2 Qe8 47.Be3 Kb7 48.Bc2 Kc7 49.Qd2 
Qc8 50.axb4 axb4 51.Nxb4 cxb4 52.Bxb6+ Nxb6 53.Qxb4 Rxa2 54.Rxa2 Ne8 55.
Qc3 Kd8 56.Ra6 Ra8 57.Rxa8 Qxa8 58.b4 Qa2 59.c5 Qc4 60.Qa3 dxc5 61.bxc5 
Qxc2 62.cxb6 Qxe4+ 63.Kh2 Qxd5 64.Qa7 Nd6 65.Qc7+ Ke8 66.Qg7 Qf7 67.Qh8+ 
Kd7 68.Qb8 Kc6 69.Qd8 Nb7 70.Qd2 Kxb6 71.Qb4+ Kc7 72.Qc3+ Kd7 0-1

[Event "9th Asia-ch"]
[Site "Mashhad IRI"]
[Date "2011.05.02"]
[Round "1.14"]
[White "Gao Rui"]
[Black "Zhao Jun"]
[Result "1/2-1/2"]
[WhiteElo "2419"]
[BlackElo "2574"]
[EventDate "2011.05.02"]
[PlyCount "61"]

1.e4 c5 2.Nf3 d6 3.d4 cxd4 4.Nxd4 Nf6 5.Nc3 g6 6.Be3 Bg7 7.f3 Nc6 8.Qd2 
O-O 9.Bc4 Bd7 10.h4 h5 11.O-O-O Ne5 12.Bb3 Rc8 13.Bg5 Rc5 14.Kb1 Re8 15.
Bh6 Qa5 16.g4 hxg4 17.h5 Bh8 18.hxg6 Nxg6 19.Nf5 Bxf5 20.exf5 Rxf5 21.fxg4
Re5 22.Rdf1 e6 23.Qg2 Qb4 24.Bd2 Qxg4 25.Qxb7 Qd4 26.Qg2 Bg7 27.Bh6 Bxh6 
28.Rxh6 Ng4 29.Rhh1 Ne3 30.Qc6 Kf8 31.Rfg1 1/2-1/2

[Event "9th Asia-ch"]
[Site "Mashhad IRI"]
[Date "2011.05.02"]
[Round "1.15"]
[White "Zhumabaev, Rinat"]
[Black "Annageldiev, Orazly"]
[Result "1-0"]
[WhiteElo "2558"]
[BlackElo "2418"]
[EventDate "2011.05.02"]
[PlyCount "89"]

1.Nf3 Nf6 2.c4 e6 3.g3 b6 4.Bg2 Bb7 5.d4 Bb4+ 6.Bd2 Be7 7.Nc3 d5 8.cxd5 
exd5 9.O-O O-O 10.Rc1 Nbd7 11.Bf4 c5 12.dxc5 Nxc5 13.Be5 Nfe4 14.Nb5 Qd7 
15.Nbd4 f6 16.Bf4 g5 17.Bd2 a5 18.Rc2 Rac8 19.Bc1 Na6 20.a3 a4 21.b3 Rxc2 
22.Qxc2 Rc8 23.Qb2 axb3 24.Qxb3 Rc4 25.e3 Bc5 26.Nd2 Nxd2 27.Bxd2 Nc7 28.
Qb1 Ba6 29.Rd1 Ra4 30.Bb4 Bxb4 31.axb4 Bc4 32.e4 dxe4 33.Bxe4 Bd5 34.Bxd5+
Qxd5 35.Nf5 Qe6 36.Re1 Qc4 37.Nh6+ Kg7 38.Re7+ Kf8 39.Rf7+ Ke8 40.Rxh7 Qc3
41.Qe4+ Kd8 42.Nf7+ Kd7 43.Ne5+ Kd8 44.Rh8+ Ke7 45.Nc6+ 1-0

[Event "9th Asia-ch"]
[Site "Mashhad IRI"]
[Date "2011.05.02"]
[Round "1.16"]
[White "Yang Kaiqi"]
[Black "Cao Sang"]
[Result "0-1"]
[WhiteElo "2409"]
[BlackElo "2547"]
[EventDate "2011.05.02"]
[PlyCount "84"]

1.e4 e6 2.d4 d5 3.Nd2 h6 4.Ngf3 Nf6 5.Bd3 c5 6.exd5 Nxd5 7.O-O Nc6 8.Nb3 
cxd4 9.Nbxd4 Nxd4 10.Nxd4 Bc5 11.Bb5+ Bd7 12.c4 Nf6 13.Bxd7+ Qxd7 14.Nb3 
Bd6 15.c5 Be7 16.Qxd7+ Nxd7 17.Be3 Rc8 18.Rac1 O-O 19.Rfd1 Rfd8 20.c6 bxc6
21.Na5 Ne5 22.Bxa7 Ra8 23.Bb6 Rdb8 24.Bc7 Rb5 25.a4 Rbxa5 26.Bxa5 Rxa5 27.
b3 c5 28.Kf1 g5 29.h3 f5 30.Rc2 Kf7 31.Re2 Nc6 32.Rd7 Nd4 33.Re3 f4 34.Rd3
e5 35.f3 c4 36.bxc4 Rxa4 37.c5 Ra1+ 38.Kf2 Ke6 39.Rc7 Rc1 40.g4 Bxc5 41.
Kg2 Rc2+ 42.Kg1 Kd5 0-1

[Event "9th Asia-ch"]
[Site "Mashhad IRI"]
[Date "2011.05.02"]
[Round "1.17"]
[White "Wen Yang"]
[Black "Hussein, Hussein Ali"]
[Result "1-0"]
[WhiteElo "2545"]
[BlackElo "2394"]
[EventDate "2011.05.02"]
[PlyCount "93"]

1.d4 Nf6 2.c4 e6 3.g3 d5 4.Nf3 c5 5.cxd5 exd5 6.Bg2 Nc6 7.O-O Be7 8.dxc5 
O-O 9.a3 Bxc5 10.b4 Bb6 11.Nc3 h6 12.Na4 Ne4 13.Bb2 Bc7 14.Rc1 Re8 15.Nc5 
a6 16.Nd4 Nxd4 17.Bxd4 Bb6 18.Na4 Bxd4 19.Qxd4 Be6 20.Nb6 Rb8 21.Rfd1 Qf6 
22.Nxd5 Bxd5 23.Qxd5 Qg6 24.Rc7 Ng5 25.h4 Ne6 26.Rxb7 Rbd8 27.Rd7 Rxd7 28.
Qxd7 Rd8 29.Qa4 Rxd1+ 30.Qxd1 Qf6 31.Qd3 Nd4 32.e3 Nb5 33.Bf1 g5 34.hxg5 
hxg5 35.a4 Nc7 36.Qd7 Ne6 37.Bc4 Nf8 38.Qd4 Qc6 39.b5 axb5 40.axb5 Qg6 41.
Bd3 Qe6 42.b6 Qb3 43.Bc4 Qb1+ 44.Kg2 Ne6 45.Bxe6 fxe6 46.Qd8+ Kf7 47.Qc7+ 
1-0

[Event "9th Asia-ch"]
[Site "Mashhad IRI"]
[Date "2011.05.02"]
[Round "1.18"]
[White "Debashis, Das"]
[Black "Adhiban, Baskaran"]
[Result "1/2-1/2"]
[WhiteElo "2392"]
[BlackElo "2543"]
[EventDate "2011.05.02"]
[PlyCount "150"]

1.d4 Nf6 2.c4 e6 3.Nc3 Bb4 4.Qc2 Nc6 5.Nf3 d6 6.Bd2 Qe7 7.a3 Bxc3 8.Bxc3 
a5 9.b3 O-O 10.e3 e5 11.Be2 Bg4 12.d5 Nb8 13.O-O a4 14.b4 b5 15.cxb5 Nxd5 
16.Bb2 Nd7 17.Rfd1 N7b6 18.Nxe5 Bxe2 19.Nc6 Qe6 20.Qxe2 f5 21.Qf3 Rae8 22.
g3 Qe4 23.Qxe4 fxe4 24.Rac1 Rf7 25.Rc2 h6 26.Na5 Ref8 27.Rdd2 Rf5 28.Bd4 
Nd7 29.Nc4 h5 30.Nb2 Ra8 31.Rc6 Nb8 32.Rc4 Nd7 33.Nd1 Rc8 34.Bb2 Re8 35.
Kg2 N7b6 36.Rc6 Rc8 37.Bd4 Ne7 38.Rcc2 Ned5 39.Nc3 Nxc3 40.Rxc3 Rxb5 41.
Bxb6 Rxb6 42.Rd4 Kf7 43.Rxe4 g6 44.Kf1 c6 45.Ke2 Rd8 46.Rec4 Rc8 47.h3 Ke6
48.Re4+ Kd7 49.Rf4 Ke6 50.Rcc4 d5 51.Rc5 Rb5 52.Rc3 Rb7 53.Rd4 g5 54.Rc5 
Rbc7 55.Ra5 Rf8 56.Ra6 Rcf7 57.f4 gxf4 58.gxf4 Rc7 59.b5 Kd6 60.Rdxa4 Rb8 
61.Rb4 Rg8 62.b6 Rb7 63.Ra7 Rbb8 64.Rh7 Rg2+ 65.Kd3 Ra2 66.a4 Kc5 67.Rb3 
Rxb6 68.Rxb6 Kxb6 69.Rxh5 Rxa4 70.f5 Kc5 71.Rh6 Ra3+ 72.Ke2 d4 73.Re6 dxe3
74.f6 Ra8 75.h4 Rf8 1/2-1/2

[Event "9th Asia-ch"]
[Site "Mashhad IRI"]
[Date "2011.05.02"]
[Round "1.19"]
[White "Paragua, Mark"]
[Black "Bakr, Jwan"]
[Result "0-1"]
[WhiteElo "2542"]
[BlackElo "2368"]
[EventDate "2011.05.02"]
[PlyCount "66"]

1.d4 Nf6 2.c4 g6 3.g3 Bg7 4.Bg2 O-O 5.Nc3 d6 6.Nf3 Nbd7 7.O-O e5 8.e4 exd4
9.Nxd4 Re8 10.h3 a6 11.Be3 Rb8 12.b3 c5 13.Nde2 Qe7 14.a4 Ne5 15.f4 Nc6 
16.Qd2 Bf5 17.Rae1 Bxe4 18.Nxe4 Nxe4 19.Bxe4 Qxe4 20.Nc3 Qxe3+ 21.Rxe3 
Rxe3 22.Nd5 Rxg3+ 23.Kh2 Rxb3 24.Qd1 Nd4 25.Re1 b5 26.cxb5 axb5 27.a5 Ra3 
28.Ne7+ Kh8 29.Kg2 Rxa5 30.f5 Ra2+ 31.Kh1 Rba8 32.Qg4 Be5 33.fxg6 hxg6 0-1

[Event "9th Asia-ch"]
[Site "Mashhad IRI"]
[Date "2011.05.02"]
[Round "1.20"]
[White "Sadeh, Shahin"]
[Black "Gomez, John Paul"]
[Result "1-0"]
[WhiteElo "2343"]
[BlackElo "2538"]
[EventDate "2011.05.02"]
[PlyCount "82"]

1.g3 c5 2.Bg2 Nc6 3.c4 g6 4.e3 Bg7 5.Ne2 e5 6.Nbc3 Nge7 7.O-O O-O 8.a3 d6 
9.Rb1 Rb8 10.b4 b6 11.d3 Qd7 12.b5 Nd8 13.Nd5 Nxd5 14.cxd5 f5 15.d4 Nf7 
16.Qb3 Bb7 17.Bb2 Rbe8 18.Rbd1 h5 19.dxe5 dxe5 20.e4 Nd6 21.exf5 gxf5 22.
a4 a6 23.Nc3 h4 24.Rfe1 a5 25.Rd2 Qf7 26.Rde2 e4 27.Bc1 Be5 28.Bh6 Qf6 29.
Bxf8 Rxf8 30.Nd1 c4 31.Qe3 Bxd5 32.Rd2 Ba8 33.f4 Ba1 34.Qxb6 Rd8 35.Bf1 c3
36.Rc2 e3 37.Nxe3 Bb2 38.Bc4+ Kh7 39.Nd5 Bxd5 40.Bxd5 Ne4 41.Qxf6 Nxf6 1-0

[Event "9th Asia-ch"]
[Site "Mashhad IRI"]
[Date "2011.05.02"]
[Round "1.21"]
[White "Moradiabadi, Elshan"]
[Black "Noroozi, Omid"]
[Result "1-0"]
[WhiteElo "2536"]
[BlackElo "2340"]
[EventDate "2011.05.02"]
[PlyCount "51"]

1.Nf3 d5 2.g3 Nf6 3.Bg2 Bg4 4.c4 c6 5.Ne5 Bf5 6.cxd5 cxd5 7.Nc3 e6 8.g4 
Bg6 9.h4 Bd6 10.d4 h6 11.Nxg6 fxg6 12.Qd3 Kf7 13.g5 hxg5 14.hxg5 Rxh1+ 15.
Bxh1 Nfd7 16.Nxd5 Nc6 17.Nc3 Qh8 18.Bxc6 bxc6 19.Qf3+ Ke7 20.Be3 Rb8 21.
O-O-O Nb6 22.Rh1 Qg8 23.Bf4 Nd5 24.Bxd6+ Kxd6 25.Nxd5 cxd5 26.Qa3+ 1-0

[Event "9th Asia-ch"]
[Site "Mashhad IRI"]
[Date "2011.05.02"]
[Round "1.22"]
[White "Pourramezanali, Amirreza"]
[Black "Megaranto, Susanto"]
[Result "1/2-1/2"]
[WhiteElo "2330"]
[BlackElo "2529"]
[EventDate "2011.05.02"]
[PlyCount "96"]

1.e4 g6 2.d4 Bg7 3.Nc3 d6 4.f4 Nc6 5.d5 Nb8 6.Nf3 Bg4 7.h3 Bxf3 8.Qxf3 Nd7
9.Bb5 a6 10.Bxd7+ Qxd7 11.O-O e6 12.e5 O-O-O 13.Rd1 Ne7 14.exd6 cxd6 15.
dxe6 fxe6 16.Ne4 d5 17.Nc5 Qc6 18.Be3 Rhf8 19.Nd3 Nf5 20.c3 Nxe3 21.Qxe3 
d4 22.Qe2 dxc3 23.bxc3 Kb8 24.Rac1 Qc4 25.Qe3 Bxc3 26.Kh1 Bd4 27.Qe2 Qd5 
28.Nb4 Qb5 29.Nc6+ bxc6 30.Rb1 Bb6 31.Rxb5 axb5 32.Rxd8+ Bxd8 33.Qxe6 Rxf4
34.Qxc6 Rf1+ 35.Kh2 Bc7+ 36.g3 Rf2+ 37.Kh1 Rb2 38.g4 b4 39.Qb5+ Kc8 40.Qc4
Rh2+ 41.Kg1 Rxh3 42.Qxb4 Re3 43.Kf2 Re5 44.Qf8+ Kb7 45.Qg7 h5 46.Qxg6 hxg4
47.Qxg4 Kb8 48.Qb4+ Ka7 1/2-1/2

[Event "9th Asia-ch"]
[Site "Mashhad IRI"]
[Date "2011.05.02"]
[Round "1.23"]
[White "Sethuraman, Panayapan"]
[Black "Khademi, Mohammad Miran"]
[Result "1/2-1/2"]
[WhiteElo "2527"]
[BlackElo "2308"]
[EventDate "2011.05.02"]
[PlyCount "72"]

1.e4 d5 2.exd5 Qxd5 3.Nc3 Qa5 4.Bc4 Nf6 5.d4 Nc6 6.Ne2 Bg4 7.f3 Be6 8.Bxe6
fxe6 9.O-O O-O-O 10.Qd3 g6 11.Qc4 Nd5 12.a3 Bg7 13.b4 Ncxb4 14.axb4 Qxa1 
15.Bh6 Qxf1+ 16.Kxf1 Bxh6 17.Nxd5 exd5 18.Qc5 Rd6 19.Qxa7 Ra6 20.Qc5 Be3 
21.Nc3 Rc6 22.Qa5 Bxd4 23.Nb5 Bf6 24.Na7+ Kd7 25.Nxc6 bxc6 26.Qa7 Rf8 27.
Ke2 Be5 28.g3 Rf5 29.f4 Bd6 30.Qb8 h5 31.Kd3 h4 32.b5 cxb5 33.Qxb5+ c6 34.
Qb7+ Bc7 35.c4 hxg3 36.hxg3 g5 1/2-1/2

[Event "9th Asia-ch"]
[Site "Mashhad IRI"]
[Date "2011.05.02"]
[Round "1.24"]
[White "Arabi, Saeid"]
[Black "Kunte, Abhijit"]
[Result "0-1"]
[WhiteElo "2159"]
[BlackElo "2526"]
[EventDate "2011.05.02"]
[PlyCount "60"]

1.d4 Nf6 2.c4 e6 3.g3 Bb4+ 4.Bd2 Be7 5.Bg2 d5 6.Nf3 O-O 7.O-O c6 8.Qc2 
Nbd7 9.b3 b6 10.Bf4 a5 11.Nc3 Ba6 12.cxd5 cxd5 13.Rfc1 Ba3 14.Re1 Rc8 15.
Ne5 Nxe5 16.dxe5 Nh5 17.Bd2 d4 18.g4 dxc3 19.Be3 Bc5 20.Bxc5 Rxc5 21.gxh5 
Qg5 22.Kh1 Qxe5 23.Bf3 h6 24.Kg1 Rd8 25.Rad1 Rcc8 26.Be4 b5 27.a3 b4 28.
axb4 axb4 29.Kg2 Rd2 30.Rxd2 Qg5+ 0-1

[Event "9th Asia-ch"]
[Site "Mashhad IRI"]
[Date "2011.05.02"]
[Round "1.25"]
[White "Laylo, Darwin"]
[Black "Yang Ching Wei, Austin"]
[Result "1-0"]
[WhiteElo "2516"]
[BlackElo "1717"]
[EventDate "2011.05.02"]
[PlyCount "53"]

1.c4 e5 2.g3 Nf6 3.Bg2 Bc5 4.Nc3 O-O 5.e3 Re8 6.Nge2 Nc6 7.a3 a5 8.O-O d6 
9.d4 exd4 10.exd4 Ba7 11.h3 Bf5 12.Nb5 Ne7 13.g4 Bc8 14.Bg5 Nd7 15.Re1 f6 
16.Be3 Nb6 17.d5 Bd7 18.Nxa7 Rxa7 19.Qd3 Ng6 20.f4 Qe7 21.Ng3 Qf7 22.Ne4 
Ra6 23.c5 Nxd5 24.Qxd5 Be6 25.Qxb7 Raa8 26.f5 Bd5 27.Nxf6+ 1-0

[Event "9th Asia-ch"]
[Site "Mashhad IRI"]
[Date "2011.05.03"]
[Round "2.1"]
[White "Harikrishna, Pentala"]
[Black "Wen Yang"]
[Result "1/2-1/2"]
[WhiteElo "2666"]
[BlackElo "2545"]
[EventDate "2011.05.02"]
[PlyCount "125"]

1.d4 Nf6 2.c4 g6 3.g3 Bg7 4.Bg2 O-O 5.Nc3 d6 6.Nf3 Nc6 7.O-O Rb8 8.b3 a6 
9.Nd5 Bg4 10.Bb2 e6 11.Ne3 Bxf3 12.Bxf3 d5 13.Rc1 Ne7 14.Qc2 c6 15.Rfd1 
Bh6 16.Ba3 Re8 17.Rd3 Nf5 18.Nxf5 Bxc1 19.Ne7+ Rxe7 20.Bxe7 Qxe7 21.Qxc1 
Kg7 22.h4 h5 23.Qg5 Qc7 24.Kg2 Rd8 25.a3 Rd7 26.c5 Re7 27.Re3 Nh7 28.Qf4 
Nf8 29.b4 f6 30.Qxc7 Rxc7 31.Rb3 f5 32.a4 Kf6 33.b5 axb5 34.axb5 e5 35.e3 
Ne6 36.Rb4 Rc8 37.Bd1 cxb5 38.Bf3 exd4 39.exd4 b6 40.cxb6 Rb8 41.Rxb5 Nxd4
42.Rb1 Ke5 43.Bd1 Ne6 44.Rb5 Kd6 45.Bb3 Nc5 46.Ba2 Kc6 47.Rb1 Nd7 48.b7 
Nf6 49.Kf3 Ne4 50.Ke3 Kc5 51.Rc1+ Kd6 52.Kd4 Rxb7 53.Bxd5 Rb4+ 54.Rc4 
Rxc4+ 55.Bxc4 Nxf2 56.Bf7 Nh1 57.Bxg6 Nxg3 58.Ke3 Ke5 59.Kf3 f4 60.Bf7 Kf5
61.Be8 Ke5 62.Bg6 Nf5 63.Bxh5 1/2-1/2

[Event "9th Asia-ch"]
[Site "Mashhad IRI"]
[Date "2011.05.03"]
[Round "2.2"]
[White "Moradiabadi, Elshan"]
[Black "Bu Xiangzhi"]
[Result "0-1"]
[WhiteElo "2536"]
[BlackElo "2662"]
[EventDate "2011.05.02"]
[PlyCount "74"]

1.e4 c5 2.Nf3 d6 3.d4 cxd4 4.Nxd4 Nf6 5.Nc3 a6 6.Be3 e5 7.Nb3 Be7 8.Qd2 
O-O 9.f3 Be6 10.O-O-O a5 11.Bb5 Na6 12.Qe2 Qb8 13.g4 a4 14.Nxa4 Nc7 15.g5 
Nh5 16.Nc3 Nxb5 17.Qxb5 Rc8 18.Nd5 Bxd5 19.Rxd5 Rxa2 20.Kb1 Ra6 21.Rhd1 g6
22.c3 Qc7 23.Nc1 Rca8 24.Qb3 Qc8 25.Qb5 Ng7 26.h4 Ne6 27.R5d2 Nc7 28.Qb3 
b5 29.Rh2 b4 30.c4 Nb5 31.Rd5 Na3+ 32.bxa3 Rxa3 33.Qxb4 Rxe3 34.Rb5 Rxf3 
35.Rb7 Bf8 36.Qb5 Ra5 37.Qd7 Qxc4 0-1